Viage de España (Record no. 162436)

MARC details
000 -LEADER
campo de control de longitud fija 01130nam a2200217 i 4500
001 - NÚMERO DE CONTROL
campo de control 162436
003 - IDENTIFICADOR DE NÚMERO DE CONTROL
campo de control ES-MaACL
005 - FECHA Y HORA DE LA ÚLTIMA TRANSACCIÓN
campo de control 20250811063158.0
008 - DATOS DE LONGITUD FIJA--INFORMACIÓN GENERAL
campo de control de longitud fija 931025s1783 sp a |||| | spa d
100 1# - ENTRADA PRINCIPAL--NOMBRE DE PERSONA
Nombre de persona Ponz, Antonio,
Fechas asociadas al nombre 1725-1792
9 (RLIN) 93069
245 10 - MENCIÓN DEL TÍTULO
Título Viage de España
Resto del título : en que se da noticia de las cosas mas apreciables y dignas de saberse /
Mención de responsabilidad, etc. su autor D. Antonio Ponz... ; tomo duodécimo.
260 ## - PUBLICACIÓN, DISTRIBUCIÓN, ETC.
Lugar de publicación, distribución, etc. Madrid :
Nombre del editor, distribuidor, etc. por D. Joachin Ibarra...,
Fecha de publicación, distribución, etc. 1783.
300 ## - DESCRIPCIÓN FÍSICA
Extensión [2], XIV, 348 p., [6] h. de grab. ;
Dimensiones 8º (16 cm)
596 ## - NOTA AL PIE DE IMPRENTA
NOTA AL PIE DE IMPRENTA Marca de imp. en port.
597 ## - NOTA DE DESCRIPCIÓN FÍSICA
NOTA DE DESCRIPCIÓN FÍSICA Sign.: a8, [ ]1, a8, b4, [ ]1, b5, [ ]1, b6-8, c-g8, h2, [ ]1, h3-8, i8, K5, [ ]1, K6-7, [ ]1, K8, l-x8, y6.
599 ## - NOTA A LAS ILUSTRACIONES
NOTA A LAS ILUSTRACIONES Las [6] h. de grab. son calc. ; la h. [1] "J. Barcelon lo gravo", entre p. XIV y 1, las demás entre p. 24 y 25, 116 y 117, 154 y 155, 158 y 159.
650 #4 - PUNTO DE ACCESO ADICIONAL DE MATERIA--TÉRMINO DE MATERIA
Término de materia o nombre geográfico como elemento de entrada Burgos-
Subdivisión general Descripción.
9 (RLIN) 223671
650 #4 - PUNTO DE ACCESO ADICIONAL DE MATERIA--TÉRMINO DE MATERIA
Término de materia o nombre geográfico como elemento de entrada Salamanca (Provincia)-
Subdivisión general Descripción.
9 (RLIN) 223673
852 ## - LOCALIZACIÓN
Ubicación ES-MaACL
Número de control de estantería R-468-85
Nota libre -- Enc. piel, no original de la época
-- -- Las h. de grab. no están enc. en las mismas posiciones
Holdings
Estatus retirado Estado de pérdida Estado de daño No para préstamo Colección Biblioteca de origen Biblioteca actual Ubicación en estantería Fecha de adquisición Total de préstamos Signatura topográfica completa Código de barras Visto por última vez Precio de reemplazo Tipo de ítem Koha
        Libros del s. XVIII Biblioteca del Ateneo de Madrid Biblioteca del Ateneo de Madrid Depósito 17/01/2008   R-468-85 1170173 23/02/2023 23/02/2023 Libro impreso antiguo